ბათუმის შოთა რუსთაველის სახელმწიფო უნივერსიტეტის ბიბლიოთეკა

Case studies in infectious disease / (ბიბ.ჩანაწერი № 57539)

000 -LEADER
fixed length control field 01931cam a22004694a 4500
001 - CONTROL NUMBER
control field 15612611
005 - DATE AND TIME OF LATEST TRANSACTION
control field 20200702143836.0
008 - FIXED-LENGTH DATA ELEMENTS--GENERAL INFORMATION
fixed length control field 090203s2010 nyuab b 001 0 eng
010 ## - LIBRARY OF CONGRESS CONTROL NUMBER
LC control number 2009004968
015 ## - NATIONAL BIBLIOGRAPHY NUMBER
National bibliography number GBA8C1432
Source bnb
016 7# - NATIONAL BIBLIOGRAPHIC AGENCY CONTROL NUMBER
Record control number 101495238
Source DNLM
016 7# - NATIONAL BIBLIOGRAPHIC AGENCY CONTROL NUMBER
Record control number 014783029
Source Uk
020 ## - INTERNATIONAL STANDARD BOOK NUMBER
International Standard Book Number 9780815341420
020 ## - INTERNATIONAL STANDARD BOOK NUMBER
International Standard Book Number 0815341423
035 ## - SYSTEM CONTROL NUMBER
System control number (OCoLC)ocn263295729
040 ## - CATALOGING SOURCE
Original cataloging agency DNLM/DLC
Transcribing agency DLC
Modifying agency YDX
-- BTCTA
-- BAKER
-- NLM
-- UKM
-- OCLNG
-- YDXCP
-- CDX
-- IXA
-- DLC
041 ## - LANGUAGE CODE
Language code of text/sound track or separate title eng
042 ## - AUTHENTICATION CODE
Authentication code pcc
050 00 - LIBRARY OF CONGRESS CALL NUMBER
Classification number RC112
Item number .C37 2010
080 ## - UNIVERSAL DECIMAL CLASSIFICATION NUMBER
Universal Decimal Classification number 616.9 C-29
082 00 - DEWEY DECIMAL CLASSIFICATION NUMBER
Classification number 616.9
Edition number 22
245 00 - TITLE STATEMENT
Title Case studies in infectious disease /
Statement of responsibility, etc. Peter M. Lydyard ... [et al.].
260 ## - PUBLICATION, DISTRIBUTION, ETC.
Place of publication, distribution, etc. New York :
Name of publisher, distributor, etc. Garland Science,
Date of publication, distribution, etc. c2010.
300 ## - PHYSICAL DESCRIPTION
Extent ix, 598 p. :
Other physical details ill. (some col.), maps (some col.) ;
Dimensions 28 cm.
504 ## - BIBLIOGRAPHY, ETC. NOTE
Bibliography, etc. note Includes bibliographical references and index.
650 #0 - SUBJECT ADDED ENTRY--TOPICAL TERM
Topical term or geographic name entry element Communicable diseases
Form subdivision Case studies.
9 (RLIN) 9026
650 12 - SUBJECT ADDED ENTRY--TOPICAL TERM
Topical term or geographic name entry element Communicable Diseases
Form subdivision Case Reports.
9 (RLIN) 9027
650 22 - SUBJECT ADDED ENTRY--TOPICAL TERM
Topical term or geographic name entry element Bacterial Infections
Form subdivision Case Reports.
9 (RLIN) 9028
650 22 - SUBJECT ADDED ENTRY--TOPICAL TERM
Topical term or geographic name entry element Mycoses
Form subdivision Case Reports.
9 (RLIN) 9029
650 22 - SUBJECT ADDED ENTRY--TOPICAL TERM
Topical term or geographic name entry element Parasitic Diseases
Form subdivision Case Reports.
9 (RLIN) 9030
650 22 - SUBJECT ADDED ENTRY--TOPICAL TERM
Topical term or geographic name entry element Virus Diseases
Form subdivision Case Reports.
9 (RLIN) 9031
653 ## - INDEX TERM--UNCONTROLLED
keyword შემთხვევითი გამოკვლევები
653 ## - INDEX TERM--UNCONTROLLED
keyword ინფექციური დაავადები
700 1# - ADDED ENTRY--PERSONAL NAME
Personal name Lydyard, Peter M.
Relator term ავტორი
9 (RLIN) 9032
700 1# - ADDED ENTRY--PERSONAL NAME
Personal name Cole, Michael
Relator term ავტორი
9 (RLIN) 9033
700 1# - ADDED ENTRY--PERSONAL NAME
Personal name Holton, John
Relator term ავტორი
9 (RLIN) 9034
700 1# - ADDED ENTRY--PERSONAL NAME
Personal name Irving, Will
Relator term ავტორი
9 (RLIN) 9035
856 42 - ELECTRONIC LOCATION AND ACCESS
Materials specified Contributor biographical information
Uniform Resource Identifier http://www.loc.gov/catdir/enhancements/fy1102/2009004968-b.html
906 ## - LOCAL DATA ELEMENT F, LDF (RLIN)
a 7
b cbc
c orignew
d 1
e ecip
f 20
g y-gencatlg
942 ## - ADDED ENTRY ELEMENTS (KOHA)
Source of classification or shelving scheme
Koha item type წიგნი
ეგზემპლარები
Withdrawn status Lost status Source of classification or shelving scheme Damaged status Not for loan Permanent Location Current Location Shelving location Date acquired Cost, normal purchase price Full call number Barcode Date last seen Copy number Price effective from Koha item type Public note
          ბათუმის შოთა რუსთაველის სახელმწიფო უნივერსიტეტის მთავარი ბიბლიოთეკა ბათუმის შოთა რუსთაველის სახელმწიფო უნივერსიტეტის მთავარი ბიბლიოთეკა წიგნსაცავი 2020-07-02 147.00 616.9 C-29 60736 2020-07-02 60736 2020-07-02 წიგნი 147 ლ.